|
|
|
|
| LEADER |
00000nam0a2200000 4500 |
| 001 |
168310 |
| 005 |
20231031163053.0 |
| 010 |
|
|
|a 5283037916
|
| 035 |
|
|
|a (RuTPU)RU\TPU\book\182619
|
| 090 |
|
|
|a 168310
|
| 100 |
|
|
|a 20091027d1990 m y0rusy50 ca
|
| 101 |
0 |
|
|a rus
|
| 102 |
|
|
|a RU
|
| 105 |
|
|
|a a z 001zy
|
| 200 |
1 |
|
|a Жидкосолевые ЯЭУ
|e перспективы и проблемы
|f В. М. Новиков [и др.]
|
| 210 |
|
|
|a Москва
|c Энергоатомиздат
|d 1990
|
| 215 |
|
|
|a 192 с.
|c ил.
|
| 225 |
1 |
|
|a Физика и техника ядерных реакторов
|v Вып. 39
|
| 320 |
|
|
|a Библиогр.: с. 186-190.
|
| 610 |
1 |
|
|a ядерные энергетические установки
|
| 610 |
1 |
|
|a ядерные реакторы
|
| 610 |
1 |
|
|a теплоносители
|
| 610 |
1 |
|
|a жидкосолевые ядерные реакторы
|
| 610 |
1 |
|
|a ЯЭУ
|
| 610 |
1 |
|
|a перспективы
|
| 610 |
1 |
|
|a проблемы
|
| 675 |
|
|
|a 621.039.534.6
|v 3
|
| 701 |
|
1 |
|a Новиков
|b В. М.
|g Владимир Михайлович
|
| 701 |
|
1 |
|a Игнатьев
|b В. В.
|g Виктор Владимирович
|
| 701 |
|
1 |
|a Федулов
|b В. И.
|g Владимир Иванович
|
| 701 |
|
1 |
|a Чередников
|b В. Н.
|g Владимир Николаевич
|
| 801 |
|
1 |
|a RU
|b 63413507
|c 20091027
|
| 801 |
|
2 |
|a RU
|b 63413507
|c 20110425
|g RCR
|
| 942 |
|
|
|c BK
|